000 00559nam a2200193Ii 4500
003 JO-AjNU
008 230606s9999||||xx |||||||||||||| ||und||
020 _a0-253-32153--/0-253-20162-4
040 _aJO-AjNU
_beng
_erda
_cJO-AjNU
041 _aeng
050 1 4 _aPZ3.F272 1970
100 3 _aPitavy, Francois,
_eauthor
_95514
245 0 0 _a Faulkner,s Light in August
264 3 1 _aLondon : indiana University press, 1972
300 _a182P
336 _atext
_btxt
_2rdacontent
337 _aunmediated
_bn
_2rdamedia
338 _avolume
_bnc
_2rdacarrier
999 _aE2852
_c2850
_d2850